All The Mandalorian Episodes (2019-2020) - Statistics

General Stats
  • This quiz has been taken 103 times
  • The average score is 9 of 16
Answer Stats
Chapter # Episode % Correct
2 The Child
96%
1 The Mandalorian
84%
13 The Jedi
78%
3 The Sin
67%
9 The Marshal
64%
16 The Rescue
64%
5 The Gunslinger
59%
14 The Tragedy
59%
10 The Passenger
53%
4 Sanctuary
52%
11 The Heiress
47%
8 Redemption
45%
15 The Believer
45%
6 The Prisoner
40%
7 The Reckoning
40%
12 The Siege
34%
No matching quizzes found
Score Distribution
Percent of People with Each Score
Percentile by Number Answered
Your Score History
You have not taken this quiz